00402cam a2200169ua 45000010005000000080039000050400009000440410008000530820008000611000028000692450040000972500012001372600039001493000010001886530010001986530024002089725160806n ii |||gr||||Z||||||asm cMAIN aasm a780 aBorah, Bharat,eAuthor. aSangitar sabdakoshcby Bharat Borah a1st ed. aJorhat:bGrantha sanskriti,c2009. a105p. aMusic aDictionary of music